000 01333nam a2200277Ia 4500
999 _c50321
_d50321
001 17262
003 GE_BSU
005 20200210105146.0
008 181216s2008ge xx |||||||||||||| ||geo||
020 _a 9789941404207
040 _cGE_BSU
041 _ageo
080 _a1(430) ი-76
100 _aირემაძე, თენგიზ.
_92229
245 _aვალტერ ბენიამინი :
_bცხოვრება, მოღვაწეობა, აქტუალობა /
_cთენგიზ ირემაძე,; რედ. გურამ თევზაძე.
250 _aI-ლი ქართ. გამოც
264 _aთბილისი
_bნეკერი,
_c2008.
300 _a107 გვ;
_c15სმ.
500 _aდანართი: გვ. 85-87.პირთა საძ.: გვ. 103-106
504 _aბიბლიოგრ. ტექსტ. შენიშვნ. და გვ. 95-101.
520 _a რეზ. ინგლ.
653 _aგერმანელი ფილოსოფოსები გერმანელი ლიტერატურათმცოდნეები
653 _aფილოსოფია
700 _aთევზაძე, გურამ
_eრედაქტორი
_96920
942 _cBK
_2udc